A guide to meal management and table services (Record no. 7070)

MARC details
000 -LEADER
fixed length control field 00808nam a22002417a 4500
003 - CONTROL NUMBER IDENTIFIER
control field OSt
005 - DATE AND TIME OF LATEST TRANSACTION
control field 20251215025441.0
008 - FIXED-LENGTH DATA ELEMENTS--GENERAL INFORMATION
fixed length control field 251215b |||||||| |||| 00| 0 eng d
020 ## - INTERNATIONAL STANDARD BOOK NUMBER
International Standard Book Number 971-23-3905-x
040 ## - CATALOGING SOURCE
Original cataloging agency DWC-Main lib
Transcribing agency OC
082 ## - DEWEY DECIMAL CLASSIFICATION NUMBER
Edition number Revised edition
Classification number Fil. 641.5 S714 2004
100 ## - MAIN ENTRY--PERSONAL NAME
Personal name Soriano, N
245 ## - TITLE STATEMENT
Title A guide to meal management and table services
Statement of responsibility, etc. Soriano, Nora N.
250 ## - EDITION STATEMENT
Edition statement Revised edition
260 ## - PUBLICATION, DISTRIBUTION, ETC.
Place of publication, distribution, etc. Manila, Philippines :
Name of publisher, distributor, etc. Rex Book Store,
Date of publication, distribution, etc. c2004
300 ## - PHYSICAL DESCRIPTION
Extent ix, 166 pages :
Other physical details illustration ;
Dimensions 22 cm.
504 ## - BIBLIOGRAPHY, ETC. NOTE
Bibliography, etc. note Includes bibliographical references and index
650 ## - SUBJECT ADDED ENTRY--TOPICAL TERM
Source of heading or term Cooking
650 ## - SUBJECT ADDED ENTRY--TOPICAL TERM
Source of heading or term Food
650 ## - SUBJECT ADDED ENTRY--TOPICAL TERM
Source of heading or term Home economics
650 ## - SUBJECT ADDED ENTRY--TOPICAL TERM
Source of heading or term Nutrition
942 ## - ADDED ENTRY ELEMENTS (KOHA)
Source of classification or shelving scheme Dewey Decimal Classification
Koha item type Book-Filipiniana
Edition Revised Edition
Classification part Fil. 641.5 S714 2004
Call number prefix Fil.
Suppress in OPAC No
952 ## - LOCATION AND ITEM INFORMATION (KOHA)
--
Holdings
Withdrawn status Lost status Source of classification or shelving scheme Damaged status Not for loan Home library Current library Shelving location Date acquired Source of acquisition Cost, normal purchase price Total Checkouts Full call number Barcode Date last seen Copy number Price effective from Koha item type Uniform Resource Identifier
    Dewey Decimal Classification     College Library HM & Nursing Library Filipiniana 08/11/2005 School Fund 173.00   Fil. 641.5 S714 2004 HMN42220 12/15/2025 c2 12/15/2025 BK - FIL